Articles of incorporation and by-laws of the Texas Farm Bureau Cotton Association.

Bibliographic Details
Corporate Author: Texas Farm Bureau Cotton Association
Format: Microform Book
Language:English
Published: [Texas] : [The Association], [1921?]
Series:USAIN state and local literature preservation project, Texas ; reel 71.1.
Subjects:

MARC

Tag First Indicator Second Indicator Subfields
LEADER 00000cam a2200000Ia 4500
001 in00001546310
005 20151022055007.0
007 hd afa---bccu
007 hd bfa---baau
007 hd bfa---babu
008 000609s1921 txu a 000 0 eng d
035 |a (OCoLC)ocm44274142 
037 |a USAIN TX SL AG 71  |b TXA  |f microfilm 
040 |a TXA  |c TXA  |d UtOrBLW 
043 |a n-us-tx 
049 |a TXAM 
090 |a S117  |b .U8 reel 71.1 
110 2 |a Texas Farm Bureau Cotton Association. 
245 1 0 |a Articles of incorporation and by-laws of the Texas Farm Bureau Cotton Association. 
264 1 |a [Texas] :  |b [The Association],  |c [1921?] 
300 |a 24 pages ;  |c 16 cm. 
336 |a text  |b txt  |2 rdacontent 
337 |a microform  |b h  |2 rdamedia 
338 |a microfilm reel  |b hd  |2 rdacarrier 
533 |a Microfilm.  |b College Station, Tex. :  |c Microfilmed by Southwest Micropublishing, Inc. on behalf of Texas A&M University General Libraries,  |d 2000.  |e 1 microfilm reel ; 35 mm.  |f (USAIN state and local literature preservation project, Texas ; reel 71.1) 
500 |a Microform. 
650 0 |a Cotton trade  |z Texas. 
610 2 0 |a Texas Farm Bureau Cotton Association. 
776 0 |c Original  |w (OCoLC)28997475 
830 0 |a USAIN state and local literature preservation project, Texas ;  |v reel 71.1. 
948 |a cataloged  |b h  |c 2000/6/9  |d o  |e jspillan  |f 3:53:12 pm 
994 |a E0  |b TXA 
999 |a MARS 
999 f f |s ad98ee4e-ab4f-323c-930f-986527d86d65  |i bd8d2334-f2a4-396d-84eb-e7b5b4207ee4  |t 0 
952 f f |p normal  |a Texas A&M University  |b College Station  |c Sterling C. Evans Library  |d Evans: Microforms Film (3rd floor)  |t 0  |e S117 .U8 reel 71  |h Library of Congress classification  |i microform -- microfilm reel  |m A14826188035 
998 f f |a S117 .U8 reel 71  |t 0  |l Evans: Microforms Film (3rd floor)